000 00373nam a2200133Ia 4500
008 230917s9999||||xx |||||||||||||| ||und||
040 _e96234
_aMAIN
041 _aEnglish
082 _a610 D496C
100 _aDevinder Singh
245 0 _aClinical and etiological evaluation of new onset seizures in subjects forty years and above
300 _a112, xiii p.
942 _cTH
999 _c88674
_d88674